000 00744nab a2200229 4500
003 BR-BrBNA
005 20241209232738.0
008 241209b bl.||||| |||| 00| 0 por d
040 _aBR-BrBNA
_bpor
072 _aF06 ; N20 ; P10
_b4630
100 _aPace, Leonardo
245 _aSoluções tecnológicas para economizar água em irrigação
500 _a11 illus.
650 _aSISTEMA DE IRRIGAÇÃO
650 _aADOÇÃO DE TECNOLOGIA
650 _aCONSERVAÇÃO DA ÁGUA
650 _aMANUTENÇÃO
650 _aEQUIPAMENTO DE IRRIGAÇÃO
773 0 _04820
_9344688
_dVotuporanga/SP IRRIGAZINE 2009
_o2024-5020
_tIrrigazine (Brazil)
_gv. 9(33) p. 26-27; (Aug 2013)
_wBR2024003891
942 _cANA
999 _c329129
_d329129